Music Quiz

Random Music or Lyrics Quiz

Wrong Lyrics: Where is the Love? Quiz Stats

 Plays Quiz not verified by Sporcle

Score 0/37 Timer 08:00
0 Plays Today
% Correct
and the Pounds
72%
still got terrorists here residin'
66.4%
Tell me
60.7%
they ain't got their own mamas
58.9%
Refute thy brother
55.1%
Don't let your soul gravitate toward
54.2%
have hate for your
53.3%
are so damn strong, why
53.3%
the hate, y'all, y'all
52.3%
wrong inclination.
52.3%
shooting thunder,
49.5%
how anger operates
47.7%
floodin' lungs of little ones
40.2%
It ain't the same,
38.3%
Father, Father help us
36.4%
Inflicting the young minds
36.4%
If he never knows truth
34.6%
got us chasin' the
34.6%
You ask yourself is the lovin'
33.6%
% Correct
then he never
33.6%
Then madness
30.8%
Where's the love, y'all,
29.9%
Instead of spreading truth we're
29.9%
You hear them cryin'
28%
own race then you leave space
27.1%
at the cinemas
27.1%
yeah, we only got our
27.1%
'Though the reason's
26.2%
Gotta keep my faith 'til love is found
25.2%
preach? Would you
24.3%
Father, Father, help us
24.3%
People kill 'n'
14%
That's all we got (One world, one world, one world)
14%
Chemicals, gases
13.1%
the love , the love
13.1%
really what is goin' on
12.1%
Where is the love, the love, the love
9.3%

You're not logged in!

Compare scores with friends on all Sporcle quizzes.
OR
Log In

Sporcle TV

Today on Sporcle TV


Watch our educational content, quiz creation guides, and fun videos on Sporcle TV.

Show Comments

Extras

Top Quizzes Today


Score Distribution

Your Account Isn't Verified!

In order to create a playlist on Sporcle, you need to verify the email address you used during registration. Go to your Sporcle Settings to finish the process.

Report this User

Report this user for behavior that violates our Community Guidelines.

Details: